书目信息 |
| 题名: |
二级注册结构工程师专业考试复习教程
|
|
| 作者: | 苏小卒 主编 ;王心田 , 李翔 , 高向玲 , 王心田 编著 | |
| 分册: | ||
| 出版信息: | 天津 天津大学出版社 2003.08 |
|
| 页数: | 462页 | |
| 开本: | 26cm | |
| 丛书名: | ||
| 单 册: | ||
| 中图分类: | TU3 | |
| 科图分类: | ||
| 主题词: | 建筑结构--工程技术人员--考核--教材 , 结构工程--工程师--资格考核--学习参考资料 | |
| 电子资源: | ||
| ISBN: | 7-5618-1820-3 | |
| 000 | 01153cam0 2200337 450 | |
| 001 | CAL 012003167583 | |
| 005 | 20040921144849.9 | |
| 010 | @a7-5618-1820-3@d48.00CNY | |
| 099 | @aCAL 012003167583 | |
| 100 | @a20031110d2003 em y0chiy0121 ea | |
| 101 | 0 | @achi |
| 102 | @aCN@b120000 | |
| 105 | @aak z 000yy | |
| 200 | 1 | @a二级注册结构工程师专业考试复习教程@f苏小卒主编@g王心田等编著@Gwang xin tian deng bian zhu |
| 210 | @a天津@c天津大学出版社@d2003.08 | |
| 215 | @a462页@c图表@d26cm | |
| 304 | @a题名页题目:编著王心田 , 李翔, 高向玲, 田瑞华, 王旺才, 王田友 | |
| 320 | @a有书目 (461-462页) | |
| 330 | @a本书是根据全国注册工程师管理委员会 (结构) 最新颁布的二级注册结构工程师专业考试大纲,为参加全国二级注册结构工程师专业考试者所编写的复习教材。 | |
| 606 | 0 | @a建筑结构@x工程技术人员@x考核@j教材 |
| 606 | 0 | @a结构工程@x工程师@x资格考核@x学习参考资料 |
| 690 | @aTU3@v4 | |
| 701 | 0 | @a苏小卒@4主编 |
| 702 | 0 | @a王心田@4编著 |
| 702 | 0 | @a李翔@4编著 |
| 702 | 0 | @a高向玲@4编著 |
| 702 | 0 | @a王心田@Awang xin tian@4编著 |
| 801 | 0 | @aCN@bHIT@c20031112 |
| 801 | 2 | @aCN@bSEU@c20040329 |
| 905 | @a10447@dTU3@eS856 | |
| 998 | @aHIT | |
| 二级注册结构工程师专业考试复习教程/苏小卒主编/王心田等编著.-天津:天津大学出版社,2003.08 |
| 462页:图表;26cm |
| ISBN 7-5618-1820-3:48.00CNY |
| 本书是根据全国注册工程师管理委员会 (结构) 最新颁布的二级注册结构工程师专业考试大纲,为参加全国二级注册结构工程师专业考试者所编写的复习教材。 |
| ● |
| 相关链接 |
|
|
|
正题名:二级注册结构工程师专业考试复习教程
索取号:TU3/S856
 
预约/预借
| 序号 | 登录号 | 条形码 | 馆藏地/架位号 | 状态 | 备注 |
| 1 | 538949 | 205389499 | 自科二线404/404自科库 28排2列3层/ [索取号:TU3/S856] | 在馆 | |
| 2 | 538950 | 205389505 | 建筑库101/101建筑库 74排3列5层/ [索取号:TU3/S856] | 在馆 |